Правоохранительная и контрольно-надзорная деятельность в сфере строительства и транспорта (Запись № 11852863)

Подробности
000 -МАРКЕР
контрольное поле 02657nam0a2200421 i 4500
001 - ИДЕНТИФИКАТОР ЗАПИСИ
контрольное поле RU\NLR\BIBL_A\011188073
005 - ИДЕНТИФИКАТОР ВЕРСИИ
контрольное поле 20260407075127.0
010 ## - МЕЖДУНАРОДНЫЙ СТАНДАРТНЫЙ НОМЕР КНИГИ (ISBN)
Номер (ISBN) 9785990840119
Тираж 100
021 ## - НОМЕР ГОСУДАРСТВЕННОЙ РЕГИСТРАЦИИ
Код страны Российская Федерация
Номер 2016-54547
Номер Листа государственной регистраци 3465
035 ## - ДРУГИЕ СИСТЕМНЫЕ НОМЕРА
Идентификатор записи (NILC)RuMoRGB-008544915
035 ## - ДРУГИЕ СИСТЕМНЫЕ НОМЕРА
Идентификатор записи (NLR Aleph) 011188073
100 ## - ДАННЫЕ ОБЩЕЙ ОБРАБОТКИ
Данные общей обработки 20160803d2016 km y0rusy50 ca
101 0# - ЯЗЫК РЕСУРСА
Язык текста, звукозаписи и т.д. русский
102 ## - СТРАНА ПУБЛИКАЦИИ ИЛИ ПРОИЗВОДСТВА
Страна публикации Российская Федерация
-- Российская Федерация
105 ## - ПОЛЕ КОДИРОВАННЫХ ДАННЫХ: ТЕКСТОВЫЕ МАТЕРИАЛЫ, МОНОГРАФИЧЕСКИЕ
Кодированные данные о монографическом текстовом документе y|||z||||01yy
200 1# - ЗАГЛАВИЕ И СВЕДЕНИЯ ОБ ОТВЕТСТВЕННОСТИ
Основное заглавие Правоохранительная и контрольно-надзорная деятельность в сфере строительства и транспорта
Сведения, относящиеся к заглавию монография
Первые сведения об ответственности [Григонис Э. П., д. ю. н.. проф., Иванов Д. В., к. ю. н., Калинович А. Э., к. ю. н., доц. и др.
Последующие сведения об ответственности под ред. Э. П. Григониса, В. М. Чибинёва]
-- Санкт-Петербургский гос. архитектурно-строит. ун-т, Каф. уголовного права и уголовного процесса, Каф. судебных экспертиз и криминалистики
210 ## - ПУБЛИКАЦИЯ, РАСПРОСТРАНЕНИЕ И ДР.
Место издания, распространения и т.д. Санкт-Петербург
Имя издателя, распространителя и т. д. МНИОЦ
Дата издания, распространения и т.д. 2016
215 ## - ФИЗИЧЕСКАЯ ХАРАКТЕРИСТИКА
Специфическое обозначение материала и объем 213 с.
Размеры 21
300 ## - ОБЩИЕ ПРИМЕЧАНИЯ
Текст примечания Авт. указаны на 3-й с. текста
320 ## - ПРИМЕЧАНИЯ О НАЛИЧИИ В ДОКУМЕНТЕ БИБЛИОГРАФИИ / УКАЗАТЕЛЯ
Текст примечания Библиогр.: с. 153-171 и в подстроч. примеч.
606 1# - НАИМЕНОВАНИЕ ТЕМЫ КАК ПРЕДМЕТ
Наименование темы Преступления в сфере строительства
Тематический подзаголовок Предупреждение
Географический подзаголовок Российская Федерация
Системный номер авторитетной/нормативной записи 2516451
Идентификатор авторитетной/нормативной записи RU\NLR\AUTH\661491454
606 1# - НАИМЕНОВАНИЕ ТЕМЫ КАК ПРЕДМЕТ
Наименование темы Автомобильный транспорт
Тематический подзаголовок Аварии и происшествия
-- Предупреждение
Географический подзаголовок Российская Федерация
Системный номер авторитетной/нормативной записи 2598912
Идентификатор авторитетной/нормативной записи RU\NLR\AUTH\661535470
610 0# - НЕКОНТРОЛИРУЕМЫЕ ПРЕДМЕТНЫЕ ТЕРМИНЫ
Предметный термин правоохранительная деятельность
610 0# - НЕКОНТРОЛИРУЕМЫЕ ПРЕДМЕТНЫЕ ТЕРМИНЫ
Предметный термин контрольно-надзорная деятельность
675 ## - УНИВЕРСАЛЬНАЯ ДЕСЯТИЧНАЯ КЛАССИФИКАЦИЯ (UDC/УДК)
Индекс 351/354
686 1# - ИНДЕКСЫ ДРУГИХ КЛАССИФИКАЦИЙ
Индекс Х628.322.16
686 1# - ИНДЕКСЫ ДРУГИХ КЛАССИФИКАЦИЙ
Индекс Х628.322.201.6
701 #1 - ИМЯ ЛИЦА - АЛЬТЕРНАТИВНАЯ ОТВЕТСТВЕННОСТЬ
Начальный элемент ввода Григонис
Часть имени, кроме начального элемента ввода Э. П.
Даты 1961-
Расширение инициалов личного имени Эугениюс Пранович
701 #1 - ИМЯ ЛИЦА - АЛЬТЕРНАТИВНАЯ ОТВЕТСТВЕННОСТЬ
Графика поля Кириллица
Материалы, к которым относится поле rus
Начальный элемент ввода Иванов
Часть имени, кроме начального элемента ввода Д. В.
Дополнения к именам, кроме дат канд. юрид. наук
Расширение инициалов личного имени Дмитрий Викторович
Системный номер авторитетной/нормативной записи 99456
Идентификатор авторитетной/нормативной записи RU\NLR\AUTH\77116531
701 #1 - ИМЯ ЛИЦА - АЛЬТЕРНАТИВНАЯ ОТВЕТСТВЕННОСТЬ
Начальный элемент ввода Калинович
Часть имени, кроме начального элемента ввода А. Э.
Расширение инициалов личного имени Александр Эдуардович
712 02 - НАИМЕНОВАНИЕ ОРГАНИЗАЦИИ - ВТОРИЧНАЯ ОТВЕТСТВЕННОСТЬ
Код отношения Прочие
Начальный элемент ввода Санкт-Петербургский государственный архитектурно-строительный университет
Системный номер авторитетной/нормативной записи 279437
Идентификатор авторитетной/нормативной записи RU\NLR\AUTH\884043
801 #0 - ИСТОЧНИК ЗАПИСИ
Страна Российская Федерация
Организация РГБ
Дата составления 20160711
Правила каталогизации RCR
942 ## - ДОПОЛНИТЕЛЬНЫЕ ЭЛЕМЕНТЫ ЗАПИСИ (АБИС)
Тип экземпляра АБИС Книга
980 ## - КОЛЛЕКЦИЯ
Название коллекции НБР

Нет доступных экземпляров.